Standard handbook of environmental engineering
The handbook is a comprehensive manual on the principle and practice of environmental engineering chapters are provided on the most significant technical aspects of air quality control, water supply, wastewater disposal, and solid waste management. Also, individual chapters are provided in stormwate...
Bewaard in:
| Hoofdauteur: | |
|---|---|
| Formaat: | Boek |
| Taal: | Undetermined |
| Gepubliceerd in: |
New York
McGraw-Hill
1999
|
| Onderwerpen: | |
| Tags: |
Voeg label toe
Geen labels, Wees de eerste die dit record labelt!
|
| Thư viện lưu trữ: | Trung tâm Học liệu Trường Đại học Cần Thơ |
|---|
| LEADER | 01015nam a2200217Ia 4500 | ||
|---|---|---|---|
| 001 | CTU_35542 | ||
| 008 | 210402s9999 xx 000 0 und d | ||
| 020 | |b 1.875.000đ | ||
| 082 | |a 628 | ||
| 082 | |b C791 | ||
| 100 | |a Corbitt, Robert A. | ||
| 245 | 0 | |a Standard handbook of environmental engineering | |
| 245 | 0 | |c Robert A. Corbitt | |
| 260 | |a New York | ||
| 260 | |b McGraw-Hill | ||
| 260 | |c 1999 | ||
| 520 | |a The handbook is a comprehensive manual on the principle and practice of environmental engineering chapters are provided on the most significant technical aspects of air quality control, water supply, wastewater disposal, and solid waste management. Also, individual chapters are provided in stormwater and hazardous waste management; these two disciplines are of current notariety and will become even more important in the years ahead. | ||
| 650 | |a Environmental engineering | ||
| 650 | |x Handbooks, manuals, etc | ||
| 904 | |i Minh | ||
| 980 | |a Trung tâm Học liệu Trường Đại học Cần Thơ | ||